000 00582cam a2200169 4500
008 090225t1985 cu 000 0 spa u
035 _aa479441
050 0 4 _aKZ3091
_b.D48 1985
100 1 _aDEstéfano Pisani, Miguel A.
245 1 0 _aHistoria del Derecho Internacional :
_bDesde la Antigüedad hasta 1917 /
_cMiguel Antonio DEstefano Pisani
250 _a1a ed.
260 _aLa Habana :
_bEditorial de Ciencias Sociales,
_cc1985.
300 _a448 p. ;
_c23 cm.
440 _a Ciencias jurídicas
650 7 _aLeyes internacionales
_x Historia
_2Lemb
942 _2lcc
_cLIB
999 _c70227
_d70227